| 000 | 00900nam a22002777a 4500 | ||
|---|---|---|---|
| 003 | CHAP | ||
| 005 | 20220329140504.0 | ||
| 008 | 971013s1971 r 00010 d | ||
| 010 | _a52735 | ||
| 011 | _a53707 | ||
| 035 | _a57857 | ||
| 040 | _cCHAP | ||
| 090 | _aFolleto 1791 | ||
| 100 | 0 | 0 |
_aField, William D. _940756 |
| 245 | _aButterflies of the genus Vanessa and of the resurrected genera Bassaris and Cynthia (Lepidoptera:Nymphalidae) | ||
| 260 |
_aWashington : _bSmithsonian Institution, _c1971 |
||
| 300 |
_a105 p. _b: ilus. |
||
| 490 |
_aSmithsonian contributions to zoology _v; 84 |
||
| 590 |
_aBATCH-UPD _b10 _c20130110 _lUCH01 _h0658 |
||
| 590 |
_aCONVERSION _b10 _c20130109 _lUCH01 _h1328 |
||
| 650 | 1 | 4 |
_aMariposas. _971395 |
| 830 | 0 |
_aSmithsonian contributions to zoology _v; 84 _9107173 |
|
| 901 | _aBK | ||
| 942 | _cFOLL | ||
| 949 |
_aFolleto 1791 _bBC _cFOLL _d-125708 _eTS1 _i57857 _si |
||
| 999 |
_c52735 _d52735 |
||